00538 2200193 4500001002100000008004100021035002000062245006700082100002600149250002000175260003300195300002000228020002200248084001800270082001200288650002600300990000900326990000900335INLIS000000000001247 ind  a0010-0425001247 aSelamatkan Lingkungan dengan KonservasicRizky Utami Handayani aRizky Utami Handayani aCetakan pertama aDepok :bCV Arya Duta,c2018 a76 hlm.c25 cm. a978-979-094-438-1 a363.7.2 RIZ s a363.7.2 aRizky Utami Handayani a3663 a3664